000 00733nam a2200169Ia 4500
008 190719s9999||||xx |||||||||||||| ||und||
020 _a9789280115321
_c£ 65.00
040 _aIMU Kochi
082 0 4 _a344.046343
_bIn821
110 _aInternational Maritime Organization
245 0 _aMARPOL : articles, protocols, annexes, unified interpretations of the International Convention for the Prevention of Pollution from Ships, 1973, as modified by the 1978 and 1997 protocols. /
_cInternational Maritime Organization
250 _aConsolidated ed. 2011, 5th ed.
260 _aLondon :
_bInternational Maritime Organization ,
_c2011
300 _aix, 447 p.
_c; 30 cm.
650 _aMarine pollution
_xLaw and legislation
942 _2ddc
_cBK
999 _c54
_d54